000 00632nam a2200241 u 4500
999 _c65897
_d65897
001 65897
003 Mx-PuUPA
005 20190705125011.0
008 160808s2006 mx r 000 0 spa d
020 _a970-685-122-4
040 _cMx-PuUPA
082 _a262.91
_bBEZ
100 1 _aBezunartea, Jesús María
_eautor
245 1 0 _aValores evangélicos :
_bInspiración y meta.
250 _aPrimera edición
264 1 _aMéxico :
_bEditorial alba
300 _a248 páginas ;
_c23 cm.
336 _atexto
_2rdacontent
337 _asin mediación
_2rdamedia
338 _avolumen
650 0 _aReligión
942 _2ddc
_cLI